Les 15 villes đŸ‡«đŸ‡· les plus tĂȘtes en l'air - Statistiques

Statistiques générales
  • Ce quiz a Ă©tĂ© pris 80 fois
  • Le rĂ©sultat moyen est 12 sur 15
Statistiques - réponses
Hint Réponse % Correct
11. Paris
100%
8. Marseille
97%
5. Lille
94%
7. Lyon
94%
2. Toulouse
94%
4. Bordeaux
90%
1. Nantes
87%
6. Nice
87%
9. Strasbourg
86%
13. Rennes
80%
3. Montpellier
73%
12. Rouen
58%
15. Toulon
56%
14. Nancy
53%
10. Reims
51%
Aucun quiz correspondant
Distribution des résultats
% des personnes avec chaque résultat
Percentile par nombre de réponses
Votre historique - résultats
Vous n’avez pas pris ce quiz